书目信息 |
| 题名: |
别墅室内环境设计整体记录
|
|
| 作者: | 尚金凯 编著 | |
| 分册: | ||
| 出版信息: | 北京 中国建筑工业出版社 2006.06 |
|
| 页数: | 104页 | |
| 开本: | 29cm | |
| 丛书名: | ||
| 单 册: | ||
| 中图分类: | TU241.1 | |
| 科图分类: | ||
| 主题词: | 别墅--bie shu--室内设计--环境设计 | |
| 电子资源: | ||
| ISBN: | 7-112-08219-6 | |
| 000 | 00773nam0 2200217 450 | |
| 001 | 012006163522 | |
| 005 | 20061019090820.98 | |
| 010 | @a7-112-08219-6@dCNY58.00 | |
| 100 | @a20060921d2006 km y0chiy0120 ea | |
| 101 | 0 | @achi |
| 102 | @aCN@b110000 | |
| 105 | @aa z 000yy | |
| 200 | 1 | @a别墅室内环境设计整体记录@Abie shu shi nei huan jing she ji zheng ti ji lu@f尚金凯编著@Fshang jin kai bian zhu |
| 210 | @a北京@c中国建筑工业出版社@d2006.06 | |
| 215 | @a104页@c图@d29cm | |
| 330 | @a本书主要内容讲述对从现状分析、资料收集、信息调查、方案创意、整体设计、图纸绘制等阶段的整个过程进行了详细介绍。 | |
| 606 | 0 | @a别墅@Abie shu@x室内设计@x环境设计 |
| 690 | @aTU241.1@v4 | |
| 701 | 0 | @a尚金凯@Ashang jin kai@4编著 |
| 801 | 0 | @aCN@c20061019 |
| 905 | @a10447@dTU241.1@eS311 | |
| 别墅室内环境设计整体记录/尚金凯编著.-北京:中国建筑工业出版社,2006.06 |
| 104页:图;29cm |
| ISBN 7-112-08219-6:CNY58.00 |
| 本书主要内容讲述对从现状分析、资料收集、信息调查、方案创意、整体设计、图纸绘制等阶段的整个过程进行了详细介绍。 |
| ● |
| 相关链接 |
|
|
|
正题名:别墅室内环境设计整体记录
索取号:TU241.1/S311
 
预约/预借
| 序号 | 登录号 | 条形码 | 馆藏地/架位号 | 状态 | 备注 |
| 1 | 222296 | 202222969 | 建筑库101/101建筑库 64排5列4层/ [索取号:TU241.1/S311] | 在馆 | |
| 2 | 222297 | 202222978 | 建筑库101/101建筑库 64排5列4层/ [索取号:TU241.1/S311] | 在馆 | |
| 3 | 222298 | 202222987 | 建筑库101/101建筑库 64排5列4层/ [索取号:TU241.1/S311] | 在馆 |